[Event "CN Seniori 2012"]
[Site "Sarata Monteoru/Romania"]
[Date "2012.02.18"]
[Round "8.13"]
[White "Telea, Stefan"]
[Black "Petrisor, Adrian-Marian"]
[Result "1/2-1/2"]
[WhiteElo "2112"]
[BlackElo "2385"]
[Annotator "Robot 4"]
[PlyCount "74"]
[EventDate "2012.??.??"]
[TimeControl "40/5400+30:900+30"]

1. Nf3 Nf6 2. c4 g6 3. g3 Bg7 4. Bg2 O-O 5. O-O d5 6. d4 dxc4 7. Qc2 a6 8. Qxc4
b5 9. Qc2 Bb7 10. Nc3 Nbd7 11. b4 Nb6 12. a4 Nfd5 13. axb5 Nxc3 14. Qxc3 axb5
15. Rxa8 Bxa8 16. Qc5 Qd7 17. Bf4 Rc8 18. Ne5 Bxe5 19. Bxe5 Bxg2 20. Kxg2 f6
21. Bf4 Na4 22. Qa7 g5 23. Be3 Qc6+ 24. f3 Qc4 25. Qb7 Rd8 26. Qe4 Qxb4 27. Rc1
Qd6 28. Rc6 Qd7 29. Qc2 Nb6 30. Rxc7 Qe6 31. Qe4 Nc4 32. Bf2 Kf7 33. d5 Ke8 34.
Bc5 Rd7 35. Rc8+ Rd8 36. Rc7 Rd7 37. Rc8+ Rd8 1/2-1/2

[Event "CN Seniori 2012"]
[Site "Sarata Monteoru/Romania"]
[Date "2012.02.18"]
[Round "8.14"]
[White "Daianu, Cristian-Clement"]
[Black "Balla, Tamas-Kristof"]
[Result "0-1"]
[WhiteElo "2242"]
[BlackElo "2377"]
[Annotator "Robot 4"]
[PlyCount "174"]
[EventDate "2012.??.??"]
[TimeControl "40/5400+30:900+30"]

1. e4 g6 2. d4 Bg7 3. Nc3 d6 4. Be3 a6 5. Be2 Nd7 6. h4 h6 7. Qd2 b5 8. a3 Bb7
9. Nf3 Ngf6 10. e5 Ng4 11. e6 fxe6 12. Qd3 Nf8 13. O-O-O Qd7 14. Nd2 Nxe3 15.
fxe3 Bxg2 16. Rhg1 Bb7 17. Rxg6 Bf6 18. Rgg1 O-O-O 19. Bf3 c6 20. Rh1 Rg8 21.
Kb1 Rg7 22. Nb3 Qc7 23. e4 Ng6 24. Rdg1 e5 25. d5 Nf4 26. Qe3 Rxg1+ 27. Rxg1
Kb8 28. h5 Bg5 29. Qe1 cxd5 30. Nxd5 Nxd5 31. exd5 e6 32. Qd1 Rf8 33. Rg3 e4
34. Bxe4 Qc4 35. Bg2 Bxd5 36. Rc3 Qf4 37. Bxd5 Qf1 38. Rd3 Qxd1+ 39. Rxd1 exd5
40. Rxd5 Rf1+ 41. Ka2 Kc7 42. Nd4 Rh1 43. Nf5 Bf4 44. a4 Rxh5 45. axb5 axb5 46.
Rxb5 Rh2 47. Rb4 Rf2 48. Kb3 Bc1 49. Ng7 Rg2 50. Nh5 Rh2 51. Rb5 Kc6 52. Rf5
Kd7 53. Ng7 Rg2 54. Rf7+ Kc6 55. Nf5 Kd5 56. Rh7 Rh2 57. Re7 h5 58. Re1 Bf4 59.
Ne7+ Kc5 60. Ng6 Bg3 61. Re3 h4 62. Kc3 Rg2 63. b4+ Kb5 64. Nxh4 Bxh4 65. Kb3
Rg4 66. c3 Bf6 67. Re8 Rg3 68. Rc8 Kb6 69. Kc2 Be5 70. Kd2 Rg2+ 71. Kd3 Kb5 72.
Ke4 Ka4 73. Kd5 Rd2+ 74. Kc6 Rd3 75. Ra8+ Kb3 76. b5 Rxc3+ 77. Kd7 Bg3 78. b6
d5 79. Rg8 d4 80. Ke6 Kc4 81. Rc8+ Kd3 82. Rg8 Ke4 83. b7 Rb3 84. Rxg3 Rb6+ 85.
Kd7 Rxb7+ 86. Kc6 Rf7 87. Kc5 d3 0-1

[Event "CN Seniori 2012"]
[Site "Sarata Monteoru/Romania"]
[Date "2012.02.18"]
[Round "8.15"]
[White "Miroiu, George-Catalin"]
[Black "Bida, Mihai-Eugen"]
[Result "1-0"]
[WhiteElo "2342"]
[BlackElo "2183"]
[Annotator "Robot 4"]
[PlyCount "83"]
[EventDate "2012.??.??"]
[TimeControl "40/5400+30:900+30"]

1. Nf3 Nf6 2. g3 d5 3. Bg2 e6 4. O-O c5 5. c4 d4 6. a3 Nc6 7. d3 e5 8. b4 Bd6
9. e3 O-O 10. exd4 exd4 11. bxc5 Bxc5 12. Nbd2 a5 13. Ng5 Bf5 14. Nde4 Nxe4 15.
Nxe4 Be7 16. Rb1 Rb8 17. Bf4 Bxe4 18. Bxe4 Bd6 19. Qf3 Qc7 20. Rb5 Bxf4 21.
Qxf4 Qxf4 22. gxf4 Rfc8 23. Rfb1 Rc7 24. Bxc6 Rxc6 25. Rxb7 Re8 26. Rb8 Rce6
27. Rxe8+ Rxe8 28. Rb5 Re1+ 29. Kg2 g6 30. Kf3 a4 31. Rb4 f5 32. Rxa4 Rc1 33.
c5 Rxc5 34. Rxd4 Rc3 35. a4 Ra3 36. Ke3 Ra1 37. Rb4 Kg7 38. Kd4 Kh6 39. Kc5 Kh5
40. Kb6 Kg4 41. a5 Ra3 42. d4 1-0

[Event "CN Seniori 2012"]
[Site "Sarata Monteoru/Romania"]
[Date "2012.02.18"]
[Round "8.16"]
[White "Lupascu, Matei-Alexandru"]
[Black "Pop, Alexandru"]
[Result "0-1"]
[WhiteElo "1979"]
[BlackElo "2254"]
[Annotator "Robot 4"]
[PlyCount "96"]
[EventDate "2012.??.??"]
[TimeControl "40/5400+30:900+30"]

1. d4 Nf6 2. c4 g6 3. Nc3 d5 4. Nf3 Bg7 5. Bf4 O-O 6. e3 c5 7. dxc5 Qa5 8. Rc1
dxc4 9. Bxc4 Nc6 10. O-O Qxc5 11. Bb3 Qa5 12. h3 Bf5 13. Qe2 Ne4 14. Nxe4 Bxe4
15. Nd2 Bd5 16. Nc4 Qa6 17. Qc2 Rac8 18. Qb1 Nb4 19. Na3 Bxb3 20. axb3 Qd3 21.
Rxc8 Rxc8 22. Qxd3 Nxd3 23. Rd1 Rc1 24. Rxc1 Nxc1 25. b4 Bxb2 26. Nc4 Bc3 27.
b5 f6 28. Bc7 Nb3 29. g4 a6 30. bxa6 bxa6 31. Kf1 Nd2+ 32. Nxd2 Bxd2 33. Ke2
Bb4 34. e4 Kf7 35. Kd3 Ke6 36. f4 Kd7 37. Bb6 Kc6 38. Bd4 Kb5 39. f5 Be1 40.
fxg6 hxg6 41. e5 f5 42. gxf5 gxf5 43. Ke3 Kc4 44. Ba1 e6 45. Kf4 Bh4 46. Bb2 a5
47. Ba3 Kb3 48. Bf8 a4 0-1

[Event "CN Seniori 2012"]
[Site "Sarata Monteoru/Romania"]
[Date "2012.02.18"]
[Round "8.17"]
[White "Bonte, Andrei-Mihai"]
[Black "Tufa, Mihai"]
[Result "1-0"]
[WhiteElo "2380"]
[BlackElo "2044"]
[Annotator "Robot 4"]
[PlyCount "81"]
[EventDate "2012.??.??"]
[TimeControl "40/5400+30:900+30"]

1. d4 Nf6 2. Nf3 d5 3. c4 c6 4. Nc3 e6 5. e3 Bd6 6. Be2 Nbd7 7. O-O dxc4 8. e4
e5 9. dxe5 Nxe5 10. Nxe5 Bxe5 11. Qxd8+ Kxd8 12. Bxc4 Be6 13. Bxe6 fxe6 14. f3
Ke7 15. Be3 Rhd8 16. Rfd1 b6 17. a4 Rxd1+ 18. Nxd1 Bc7 19. Rc1 Rc8 20. g3 Bd6
21. Bd4 e5 22. Bf2 Nd7 23. Ne3 g6 24. Nc4 Bb4 25. Ne3 Nc5 26. Rc4 Bd2 27. Nf1
Bh6 28. Bxc5+ bxc5 29. Rxc5 Kd6 30. Rc3 Rb8 31. b3 c5 32. Rd3+ Kc6 33. h4 Rb4
34. Nh2 c4 35. bxc4 Rxc4 36. Ng4 Bg7 37. Rd8 Rd4 38. Rg8 Rd7 39. Re8 Rf7 40.
Kg2 Kd7 41. Rxe5 1-0

[Event "CN Seniori 2012"]
[Site "Sarata Monteoru/Romania"]
[Date "2012.02.18"]
[Round "8.18"]
[White "Tomici, Stefan"]
[Black "Dragomirescu, Robin-Alexandru"]
[Result "0-1"]
[WhiteElo "2147"]
[BlackElo "2340"]
[Annotator "Robot 4"]
[PlyCount "102"]
[EventDate "2012.??.??"]
[TimeControl "40/5400+30:900+30"]

1. e4 e5 2. Nf3 Nc6 3. Bc4 Bc5 4. c3 Nf6 5. d4 exd4 6. e5 d5 7. Bb5 Ne4 8. cxd4
Bb6 9. Nc3 O-O 10. Be3 f5 11. exf6 Nxf6 12. Bxc6 bxc6 13. Ne5 Qd6 14. O-O Nd7
15. Nxd7 Bxd7 16. Rc1 Qg6 17. Ne2 Rae8 18. Ng3 Re6 19. b4 a5 20. a3 axb4 21.
axb4 Qf7 22. Ra1 Rg6 23. Ra3 Rg4 24. Qd2 Qf6 25. f3 Rxd4 26. Bxd4 Bxd4+ 27. Kh1
Be5 28. Ne2 Bd6 29. Rb3 Re8 30. Rbb1 Re5 31. f4 Rh5 32. Qc3 Qh6 33. Qg3 Bf5 34.
Rb3 Be4 35. Nd4 Rh4 36. Ne6 Rxh2+ 37. Qxh2 Qxe6 38. Qg3 Qh6+ 39. Qh2 Qe6 40.
Qh5 d4 41. Rb2 d3 42. Kg1 h6 43. Rff2 Bf5 44. Kf1 Qc4 45. Kg1 Qe6 46. Kf1 Kh7
47. Qd1 Qc4 48. Qd2 c5 49. bxc5 Bxc5 50. Rb1 Qd4 51. Ke1 Bg4 0-1

[Event "CN Seniori 2012"]
[Site "Sarata Monteoru/Romania"]
[Date "2012.02.18"]
[Round "8.19"]
[White "Posedaru, Bogdan"]
[Black "Gulie, Cosmin"]
[Result "1-0"]
[WhiteElo "2337"]
[BlackElo "2133"]
[PlyCount "109"]
[EventDate "2012.??.??"]

1. d4 d5 2. c4 e6 3. Nc3 Nf6 4. Nf3 Nbd7 5. cxd5 exd5 6. Bg5 Be7 7. e3 h6 8.
Bf4 c6 9. Qc2 Nh5 10. Bd3 Nxf4 11. exf4 Nf6 12. O-O O-O 13. Rfe1 Bd6 14. Ne5
Qb6 15. Rad1 Bg4 16. Rd2 Rae8 17. h3 Bc8 18. a3 Qd8 19. Rde2 Bxe5 20. fxe5 Nh5
21. Qd2 Qh4 22. Re3 Kh8 23. Bb1 Qg5 24. Kh1 g6 25. b4 b5 26. Ne2 Bd7 27. f4 Qh4
28. f5 gxf5 29. Rf3 Ng7 30. Ng3 f6 31. Bxf5 Bxf5 32. Nxf5 Nxf5 33. Rxf5 fxe5
34. Rxf8+ Rxf8 35. dxe5 Rf2 36. Qc3 d4 37. Qxc6 Rxg2 38. Kxg2 Qxe1 39. Qxh6+
Kg8 40. Qg6+ Kh8 41. Qh5+ Kg7 42. Qg4+ Kh6 43. Qxd4 Qe2+ 44. Kg3 Qe1+ 45. Qf2
Qc3+ 46. Qf3 Qe1+ 47. Kg4 Qg1+ 48. Qg3 Qd1+ 49. Kf5 Qd7+ 50. e6 Qh7+ 51. Kf6
Qh8+ 52. Ke7 Qh7+ 53. Kd6 Qb7 54. Qf4+ Kg6 55. Qf7+ 1-0

[Event "CN Seniori 2012"]
[Site "Sarata Monteoru/Romania"]
[Date "2012.02.18"]
[Round "8.20"]
[White "Voiteanu, Gabriel"]
[Black "Dumitrascu, Cornel"]
[Result "1-0"]
[WhiteElo "2304"]
[BlackElo "2086"]
[PlyCount "43"]
[EventDate "2012.??.??"]

1. d4 e6 2. c4 Nf6 3. Nf3 Bb4+ 4. Bd2 c5 5. g3 b6 6. Bg2 Bb7 7. Bxb4 cxb4 8. a3
Qe7 9. O-O O-O 10. Qb3 bxa3 11. Rxa3 d6 12. Nc3 Rc8 13. d5 exd5 14. cxd5 Ba6
15. Rfa1 Qb7 16. Nd4 Rc5 17. Nc6 Bc4 18. Qd1 Nxc6 19. dxc6 Qc7 20. e4 Ra5 21.
Rxa5 bxa5 22. Qa4 1-0

[Event "CN Seniori 2012"]
[Site "Sarata Monteoru/Romania"]
[Date "2012.02.18"]
[Round "8.21"]
[White "Malureanu, Costin-George"]
[Black "Florescu, Codrut-Constantin"]
[Result "0-1"]
[WhiteElo "2139"]
[BlackElo "2282"]
[PlyCount "86"]
[EventDate "2012.??.??"]

1. e4 c5 2. Nf3 a6 3. Nc3 e6 4. d4 cxd4 5. Nxd4 d6 6. f4 b5 7. Bd3 Bb7 8. Qf3
Nd7 9. Be3 Rc8 10. g4 Nc5 11. a3 Nf6 12. g5 Nfd7 13. O-O Be7 14. Qh5 g6 15. Qh3
O-O 16. Rac1 Re8 17. b4 Nxd3 18. Nxe6 fxe6 19. Qxe6+ Kh8 20. cxd3 Bxg5 21. Qxd6
Bf6 22. e5 Nxe5 23. Qxd8 Rexd8 24. fxe5 Bxe5 25. Ne2 Rxd3 26. Rxc8+ Bxc8 27.
Bd4 Bxd4+ 28. Nxd4 Rxd4 29. Rf8+ Kg7 30. Rxc8 Rd3 31. a4 bxa4 32. Rc6 Rb3 33.
Rxa6 Rxb4 34. Kg2 Rb2+ 35. Kg1 Ra2 36. Ra7+ Kh6 37. Ra5 g5 38. Ra7 Kg6 39. Kh1
a3 40. Kg1 h5 41. Ra5 g4 42. Kh1 h4 43. Kg1 h3 0-1

[Event "CN Seniori 2012"]
[Site "Sarata Monteoru/Romania"]
[Date "2012.02.18"]
[Round "8.24"]
[White "Dobre, Mihai"]
[Black "Stegariu, Vlad-Ionut"]
[Result "1/2-1/2"]
[WhiteElo "1975"]
[BlackElo "2202"]
[PlyCount "185"]
[EventDate "2012.??.??"]

1. e4 c5 2. Nc3 e6 3. Nf3 a6 4. d4 cxd4 5. Nxd4 Qc7 6. Be2 Nf6 7. O-O Be7 8.
Kh1 d6 9. f4 Nbd7 10. Be3 b5 11. a3 Bb7 12. Bf3 O-O 13. Qe1 Rfe8 14. Nb3 Rac8
15. Rd1 Nb6 16. Qg3 Nc4 17. Bc1 Nd7 18. Nb1 Nc5 19. Nxc5 Qxc5 20. c3 Ne3 21.
Bxe3 Qxe3 22. Rfe1 Qb6 23. f5 Rcd8 24. fxe6 fxe6 25. e5 Bxf3 26. Qxf3 Rf8 27.
Qg4 d5 28. Nd2 Rde8 29. Nf3 a5 30. Nd4 Bc5 31. Rf1 Rxf1+ 32. Rxf1 b4 33. axb4
axb4 34. h3 Qa6 35. Rf6 Bxd4 36. cxd4 Qc8 37. Rf2 Qd7 38. Qf3 Rc8 39. Kh2 Qe8
40. Qg4 Kh8 41. Qf3 h6 42. Qd3 Rc4 43. Rc2 Qc8 44. Rf2 Qe8 45. Rc2 Rxc2 46.
Qxc2 Qf8 47. Qd2 b3 48. Qc3 Qf5 49. Qxb3 Qf4+ 50. Kh1 Qxd4 51. Qb8+ Kh7 52. Qd6
Qxb2 53. Qxe6 Qb1+ 54. Kh2 Qe4 55. Qd6 Qf4+ 56. Kh1 d4 57. Qd5 Kg6 58. e6 Qe3
59. e7 Qe1+ 60. Kh2 Qxe7 61. Qxd4 h5 62. Qd3+ Kh6 63. Qd2+ Kh7 64. Qd3+ g6 65.
Qf3 Kh6 66. Qf4+ g5 67. Qf3 Qe6 68. Qc3 Kg6 69. Qd3+ Kf6 70. Qf3+ Kg6 71. Qd3+
Qf5 72. Qd6+ Qf6 73. Qd3+ Kh6 74. Kg1 h4 75. Kh1 Qa1+ 76. Kh2 Qe5+ 77. Kh1 Kg7
78. Qf3 Kg6 79. Qd3+ Kf6 80. Qf3+ Ke6 81. Qg4+ Kd5 82. Qf3+ Qe4 83. Qd1+ Ke5
84. Qf1 Qe3 85. Qd1 Qf2 86. Qc1 Qf4 87. Qc5+ Ke4 88. Qc2+ Ke3 89. Qc3+ Ke2 90.
Qc2+ Qd2 91. Qxd2+ Kxd2 92. Kh2 Ke2 93. g3 1/2-1/2

[Event "CN Seniori 2012"]
[Site "Sarata Monteoru/Romania"]
[Date "2012.02.18"]
[Round "8.25"]
[White "Stoicescu, Horia"]
[Black "Horvat, Dan-Sebastian"]
[Result "0-1"]
[WhiteElo "1909"]
[BlackElo "2197"]
[PlyCount "38"]
[EventDate "2012.??.??"]

1. d4 d5 2. c4 c6 3. Nf3 Nf6 4. Nc3 a6 5. b3 b5 6. c5 Nbd7 7. h3 Qc7 8. Be3 g6
9. g3 Bg7 10. b4 e5 11. dxe5 Ne4 12. Bd4 Nxc3 13. Bxc3 Nxe5 14. Nxe5 Bxe5 15.
Qd2 O-O 16. Bg2 a5 17. a3 axb4 18. Bxe5 Qxe5 19. O-O bxa3 0-1

[Event "CN Seniori 2012"]
[Site "Sarata Monteoru/Romania"]
[Date "2012.02.18"]
[Round "8.26"]
[White "Morea, Georgiana-Steluta"]
[Black "Varlan, Hervig-Ioan"]
[Result "1/2-1/2"]
[WhiteElo "1882"]
[BlackElo "2184"]
[PlyCount "88"]
[EventDate "2012.??.??"]

1. d4 c5 2. d5 e5 3. c4 d6 4. Nc3 Be7 5. Nf3 Nf6 6. e4 O-O 7. Be2 Na6 8. h3 Nc7
9. Be3 Bd7 10. a4 Na6 11. Qd2 Nb4 12. g4 Ne8 13. O-O-O a6 14. Rdg1 b5 15. Ne1
bxa4 16. Nc2 Nxc2 17. Qxc2 Bg5 18. Nxa4 Bxe3+ 19. fxe3 Rb8 20. Nc3 Rb4 21. Bd3
Qb6 22. Rh2 a5 23. Rd2 a4 24. Kd1 Nc7 25. Ke2 Rb8 26. Rb1 Rb3 27. Qc1 Qb4 28.
Na2 Qa5 29. Bc2 R3b7 30. Nc3 Rb4 31. Bd3 Na8 32. Na2 R4b7 33. Nc3 Qd8 34. Qf1
Qh4 35. Bc2 Rb4 36. Kd3 h5 37. Rf2 f6 38. Qg1 Rxb2 39. Rxb2 Rxb2 40. gxh5 Be8
41. Bxa4 Rxf2 42. Qxf2 Bxa4 43. Nxa4 Qxh5 44. Nc3 g6 1/2-1/2

[Event "CN Seniori 2012"]
[Site "Sarata Monteoru/Romania"]
[Date "2012.02.18"]
[Round "8.27"]
[White "Dobre, Claudiu-Cristian"]
[Black "Tiron, Lucian-Ilie"]
[Result "1-0"]
[WhiteElo "2354"]
[BlackElo "1846"]
[PlyCount "115"]
[EventDate "2012.??.??"]

1. d4 Nf6 2. Bg5 e6 3. e4 d5 4. Nd2 h6 5. Bxf6 Qxf6 6. e5 Qd8 7. c3 c5 8. Nb3
Nc6 9. f4 cxd4 10. cxd4 Bb4+ 11. Kf2 Bd7 12. a3 Be7 13. Nf3 Na5 14. Nc5 b6 15.
Nxd7 Qxd7 16. Ba6 O-O 17. Qd3 Qa4 18. Nd2 Nc4 19. Bxc4 dxc4 20. Qxc4 Qd7 21.
Nf3 Rac8 22. Qb3 Qc6 23. Rhe1 Rfd8 24. Re3 Qd5 25. Qxd5 Rxd5 26. Rae1 Rb5 27.
R1e2 Rc1 28. Rd3 a5 29. Rdd2 Rb1 30. Ne1 g5 31. f5 Bf8 32. g4 Rb3 33. Nd3 Ra1
34. Re1 Ra2 35. Ke2 Rb5 36. Kd1 Rd5 37. Nc1 Ra1 38. Rd3 b5 39. Kc2 b4 40. a4
Kg7 41. f6+ Kg6 42. Kb3 Rd7 43. Rdd1 h5 44. h3 Rd5 45. Ne2 Rxd1 46. Rxd1 Bc5
47. Kc4 Ba7 48. Ng3 h4 49. Ne4 Bb8 50. Rd3 Ba7 51. Nc5 Bb8 52. Re3 Ba7 53. Re2
Bb8 54. Nb3 Bc7 55. Kd3 Bb8 56. Ke4 Rd7 57. Rc2 Rc7 58. Rc5 1-0

[Event "CN Seniori 2012"]
[Site "Sarata Monteoru/Romania"]
[Date "2012.02.18"]
[Round "8.28"]
[White "Danilov, Vladimir"]
[Black "Ursan, Cornel-Marius"]
[Result "1/2-1/2"]
[WhiteElo "2440"]
[BlackElo "1990"]
[PlyCount "118"]
[EventDate "2012.??.??"]

1. d4 d5 2. Nf3 Nf6 3. g3 g6 4. Bg2 Bg7 5. O-O O-O 6. Nbd2 Nbd7 7. c4 dxc4 8.
Nxc4 c5 9. dxc5 Nxc5 10. Be3 Nce4 11. Nd4 b6 12. f3 Nc5 13. Bf2 Bb7 14. e4 Rc8
15. Rc1 e5 16. Nb5 Nd3 17. Nxa7 Nxf2 18. Qxd8 Rcxd8 19. Rxf2 Ra8 20. Nb5 Rxa2
21. Nc3 Ra6 22. Bf1 Rd8 23. Nxe5 Raa8 24. Bc4 Rf8 25. Re2 Nxe4 26. Nxf7 Nxc3
27. bxc3 Ba6 28. Bxa6 Rxa6 29. Nd6 Rxf3 30. Kg2 Rf8 31. c4 Ra7 32. Nb5 Rd7 33.
Rcc2 Rfd8 34. h3 Rd3 35. Ra2 Rf8 36. Ra3 Rxa3 37. Nxa3 Bd4 38. Nb5 Bc5 39. Nc7
Rc8 40. Nd5 Ra8 41. Rc2 Ra3 42. g4 Kf7 43. h4 h5 44. gxh5 gxh5 45. Nf4 Bd6 46.
Nxh5 Kg6 47. Rd2 Bc7 48. Rd7 Kxh5 49. Rxc7 Kxh4 50. Kf2 Kg4 51. Ke2 Kf4 52. Rb7
Rc3 53. Rh7 Ke5 54. Kd2 Rb3 55. Kc2 Rb4 56. Kc3 Rb1 57. Rh6 Rc1+ 58. Kb3 Kd4
59. Rd6+ Kc5 1/2-1/2

[Event "CN Seniori 2012"]
[Site "Sarata Monteoru/Romania"]
[Date "2012.02.18"]
[Round "8.29"]
[White "Ciobanu, Aurelian"]
[Black "Costachi, Mihnea"]
[Result "1-0"]
[WhiteElo "2276"]
[BlackElo "1937"]
[PlyCount "47"]
[EventDate "2012.??.??"]

1. e4 e5 2. Bc4 Bc5 3. b4 Bxb4 4. f4 d6 5. Nf3 Bc5 6. c3 Bg4 7. fxe5 Qe7 8. d4
Bb6 9. O-O Nd7 10. exd6 cxd6 11. a4 a6 12. Kh1 Ngf6 13. e5 dxe5 14. Ba3 Qd8 15.
Qb3 Qc7 16. Bxf7+ Kd8 17. Nxe5 Kc8 18. Nd2 Nxe5 19. dxe5 Nd7 20. Bd6 Nc5 21.
Qc4 Qd7 22. Bxc5 Bxc5 23. Qxc5+ Kb8 24. Ne4 1-0

[Event "CN Seniori 2012"]
[Site "Sarata Monteoru/Romania"]
[Date "2012.02.18"]
[Round "8.30"]
[White "Deac, Bogdan-Daniel"]
[Black "Pessi, Emil-George"]
[Result "0-1"]
[WhiteElo "1795"]
[BlackElo "2272"]
[PlyCount "68"]
[EventDate "2012.??.??"]

1. d4 Nf6 2. Nf3 g6 3. Nbd2 Bg7 4. e4 d6 5. Bd3 O-O 6. O-O Nc6 7. c3 e5 8. Re1
Nh5 9. d5 Ne7 10. Nf1 f5 11. exf5 Nxf5 12. Be4 Nh4 13. Nxh4 Qxh4 14. g3 Qf6 15.
Be3 Bh3 16. Nd2 Qe7 17. Bf3 Nf6 18. Ne4 Nxe4 19. Bxe4 Qd7 20. Qd2 Rf7 21. c4 b6
22. b4 Raf8 23. c5 Bg4 24. Rac1 Bf3 25. Bxf3 Rxf3 26. cxd6 cxd6 27. Rc6 Qf5 28.
Re2 h5 29. Qc2 e4 30. Bf4 Bd4 31. Qxe4 Rxf2 32. Kh1 Rf1+ 33. Kg2 Rg1+ 34. Kf3
Qg4# 0-1

[Event "CN Seniori 2012"]
[Site "Sarata Monteoru/Romania"]
[Date "2012.02.18"]
[Round "8.31"]
[White "Senetia, Teodor"]
[Black "Neagu, Mihai-Cosmin"]
[Result "1-0"]
[WhiteElo "2198"]
[BlackElo "1918"]
[PlyCount "135"]
[EventDate "2012.??.??"]

1. e4 c5 2. Nf3 e6 3. d4 cxd4 4. Nxd4 a6 5. Nc3 Qc7 6. Be3 Nf6 7. f3 b5 8. Qd2
Bb7 9. g4 d6 10. O-O-O Nc6 11. Rg1 Qa5 12. Kb1 Rc8 13. h4 Ne5 14. g5 Nfd7 15.
Nce2 Qc7 16. b3 Nc5 17. Ng3 d5 18. f4 Ng4 19. e5 Nxe3 20. Qxe3 g6 21. h5 Nd7
22. Rh1 Rg8 23. hxg6 hxg6 24. Rh7 Bc5 25. Nge2 Ke7 26. Qh3 Nf8 27. Rh6 Qb6 28.
Bg2 b4 29. f5 Rd8 30. fxg6 Nxg6 31. Qf3 Rdf8 32. Bh3 Bc8 33. Bg4 Ke8 34. Qg3
Qc7 35. Nf3 a5 36. Nf4 a4 37. Nxg6 Rxg6 38. Bh5 Rg7 39. g6 fxg6 40. Rxg6 Rxg6
41. Qxg6+ Kd8 42. Qg5+ Be7 43. Qe3 a3 44. Nd4 Rf2 45. Qxf2 Qc3 46. Nxe6+ Bxe6
47. Qd4 Bc5 48. Qxc3 bxc3 49. Rd3 d4 50. Kc1 Ke7 51. Rf3 Bb6 52. Kd1 Bc7 53.
Rf6 Bxe5 54. Rh6 Bg7 55. Rg6 Bf6 56. Rg2 Kd6 57. Be2 Bd5 58. Rh2 Bg5 59. Rh8
Ke5 60. Rh7 Kf5 61. Ra7 Kf4 62. Rxa3 Be4 63. Bd3 Bf3+ 64. Kc1 Ke3 65. Ra6 Kf2+
66. Kb1 Be3 67. Rf6 Bg5 68. Rf5 1-0

[Event "CN Seniori 2012"]
[Site "Sarata Monteoru/Romania"]
[Date "2012.02.18"]
[Round "8.32"]
[White "Pribeanu, Mihail-Dacian"]
[Black "Motounu, Vlad-Stefan"]
[Result "1/2-1/2"]
[WhiteElo "2186"]
[BlackElo "1888"]
[PlyCount "79"]
[EventDate "2012.??.??"]

1. e4 e6 2. d4 d5 3. e5 c5 4. c3 Qb6 5. Nf3 Nc6 6. a3 Nh6 7. b4 cxd4 8. cxd4
Nf5 9. Be3 Be7 10. Bd3 Nxe3 11. fxe3 O-O 12. Bc2 Bd7 13. Nc3 f6 14. exf6 Bxf6
15. Qd3 g6 16. h4 a5 17. b5 Ne7 18. a4 Qc7 19. Ne2 Rac8 20. Bb3 Qd6 21. Kf2 Nf5
22. Nf4 Qb4 23. Rac1 Qa3 24. Rxc8 Rxc8 25. Rb1 Nd6 26. Nxd5 Kg7 27. Nxf6 Kxf6
28. Ne5 Be8 29. e4 Rc3 30. Qd1 Nxe4+ 31. Kg1 Ng3 32. Ng4+ Kg7 33. d5 Qc5+ 34.
Kh2 h5 35. d6 Bd7 36. Bxe6 hxg4 37. Bxd7 Qe5 38. Bxg4 Ne4+ 39. Kg1 Qc5+ 40. Kh2
1/2-1/2

[Event "CN Seniori 2012"]
[Site "Sarata Monteoru/Romania"]
[Date "2012.02.18"]
[Round "8.34"]
[White "Fugulyan, Grigore"]
[Black "Craciun, Ovidiu"]
[Result "0-1"]
[WhiteElo "1958"]
[BlackElo "2060"]
[PlyCount "71"]
[EventDate "2012.??.??"]

1. d4 Nf6 2. c4 g6 3. Nc3 d5 4. e3 Bg7 5. Nf3 O-O 6. Be2 b6 7. Ne5 Bb7 8. Bf3
c6 9. O-O Nbd7 10. g3 Nxe5 11. dxe5 Nd7 12. cxd5 Nxe5 13. dxc6 Qxd1 14. Bxd1
Bxc6 15. f4 Nd3 16. Be2 Rfd8 17. Rd1 Nc5 18. Rxd8+ Rxd8 19. Nd1 Na4 20. Kf2 Be4
21. Ke1 Bc2 22. a3 h5 23. Bd2 Bxd1 24. Bxd1 Nxb2 25. Rb1 Nxd1 26. Rxd1 Rd3 27.
e4 Rxa3 28. e5 Bf8 29. Rc1 e6 30. Rc8 Kg7 31. f5 gxf5 32. Bg5 Bb4+ 33. Ke2 f4
34. gxf4 Kg6 35. Rg8+ Kh7 36. Rg7+ 0-1

[Event "CN Seniori 2012"]
[Site "Sarata Monteoru/Romania"]
[Date "2012.02.18"]
[Round "8.35"]
[White "Adoamnei, Roxana"]
[Black "Mirauta, Stefano-Marius"]
[Result "1/2-1/2"]
[WhiteElo "2005"]
[BlackElo "1823"]
[PlyCount "59"]
[EventDate "2012.??.??"]

1. d4 d5 2. Nf3 c5 3. e3 e6 4. b3 Nf6 5. Bb2 Be7 6. Nbd2 O-O 7. Bd3 b6 8. O-O
Ba6 9. c4 Nc6 10. Rc1 Nb4 11. Bb1 Rc8 12. Ne5 Nc6 13. f4 dxc4 14. Nxc6 Rxc6 15.
Nxc4 cxd4 16. exd4 Nd5 17. Qf3 Rc8 18. a3 b5 19. Ne5 b4 20. Rxc8 Qxc8 21. Rc1
Qb7 22. axb4 Bxb4 23. f5 Bd2 24. Rd1 Be3+ 25. Kh1 Qxb3 26. fxe6 fxe6 27. Bxh7+
Kxh7 28. Qh3+ Kg8 29. Qxe6+ Kh7 30. Qh3+ 1/2-1/2

[Event "CN Seniori 2012"]
[Site "Sarata Monteoru/Romania"]
[Date "2012.02.18"]
[Round "8.37"]
[White "Neagu, Liviu"]
[Black "Baciu, Radu-George"]
[Result "1-0"]
[WhiteElo "2122"]
[BlackElo "1767"]
[PlyCount "101"]
[EventDate "2012.??.??"]

1. e4 e5 2. Nf3 Nc6 3. Bb5 d6 4. O-O Bd7 5. c3 Nf6 6. Re1 g6 7. d4 Qe7 8. Bg5
Bg7 9. Nbd2 O-O 10. d5 Nb8 11. Bd3 Bg4 12. h3 Bc8 13. Nf1 Nbd7 14. Qd2 Nb6 15.
Ng3 Qe8 16. Nh4 Nfd7 17. Re2 Nc5 18. Bc2 Nc4 19. Qc1 f6 20. Bh6 Bxh6 21. Qxh6
Nxb2 22. Re3 Nc4 23. Nh5 Rf7 24. Nxg6 Nxe3 25. fxe3 hxg6 26. Qxg6+ Kf8 27. Nxf6
Rxf6 28. Qxf6+ Kg8 29. Qg5+ Kh7 30. Rf1 Nd7 31. Ba4 b5 32. Bxb5 Bb7 33. Bxd7
Qxd7 34. Rf6 Qg7 35. Qh5+ Kg8 36. Rg6 Rf8 37. Qh6 Rf7 38. Rxg7+ Rxg7 39. Qe6+
Kf8 40. g4 Ba6 41. Kh2 Rf7 42. Kg3 Be2 43. h4 Rf3+ 44. Kg2 Rf7 45. g5 Bf3+ 46.
Kg3 Bxe4 47. h5 Rf3+ 48. Kg4 Rf7 49. g6 Re7 50. Qc8+ Kg7 51. Kg5 1-0

[Event "CN Seniori 2012"]
[Site "Sarata Monteoru/Romania"]
[Date "2012.02.18"]
[Round "8.38"]
[White "Rusa, Antonio"]
[Black "Paval, George"]
[Result "1/2-1/2"]
[WhiteElo "1902"]
[BlackElo "2229"]
[PlyCount "187"]
[EventDate "2012.??.??"]

1. d4 c5 2. e3 Nf6 3. Nf3 e6 4. c4 cxd4 5. exd4 d5 6. Nc3 Bb4 7. Bd3 dxc4 8.
Bxc4 O-O 9. O-O Nbd7 10. Bg5 Bxc3 11. bxc3 Qc7 12. Qb3 b6 13. Be2 Bb7 14. Rac1
Rac8 15. c4 Rfe8 16. Rfd1 Ng4 17. h3 Ngf6 18. Bh4 Ne4 19. Ng5 Ndf6 20. Bf3 Qf4
21. Nxe4 Nxe4 22. Bg3 Nxg3 23. fxg3 Qc7 24. Bxb7 Qxb7 25. a4 Red8 26. a5 Qc6
27. axb6 axb6 28. Qf3 Qc7 29. Qf4 Qe7 30. Qe5 h6 31. Qb5 Rd6 32. c5 Rdc6 33.
Rd3 e5 34. Re1 bxc5 35. Rxe5 Qc7 36. Rxc5 Rxc5 37. dxc5 Qxc5+ 38. Qxc5 Rxc5 39.
Kf2 g6 40. g4 Kg7 41. h4 Ra5 42. Kg3 Rb5 43. Re3 Rb4 44. Kf3 Ra4 45. g3 Ra1 46.
Rb3 Rf1+ 47. Kg2 Rf6 48. Rd3 Kf8 49. Re3 Ra6 50. Re2 Ra4 51. Kf3 Ra3+ 52. Kf2
Kg7 53. Rb2 g5 54. Kg2 Ra4 55. Kf3 gxh4 56. gxh4 h5 57. Rg2 Kf6 58. Rg1 Rb4 59.
Rg2 Rb3+ 60. Kf4 Rh3 61. gxh5 Rxh4+ 62. Kg3 Rxh5 63. Rf2+ Rf5 64. Rb2 Ra5 65.
Rb3 Rh5 66. Rb6+ Kg7 67. Kg4 Rc5 68. Rb4 Kg6 69. Ra4 Rc1 70. Ra6+ f6 71. Ra4
Rh1 72. Rc4 Rg1+ 73. Kf4 Rf1+ 74. Kg3 Kg5 75. Rc5+ f5 76. Ra5 Rg1+ 77. Kf3 Rb1
78. Ra3 Rb8 79. Kg3 Rh8 80. Ra5 Rh7 81. Ra8 Rg7 82. Ra5 Re7 83. Ra3 Re4 84. Rc3
Rg4+ 85. Kh3 Rg1 86. Rg3+ Rxg3+ 87. Kxg3 Kf6 88. Kf4 Ke6 89. Kf3 Ke5 90. Ke3
f4+ 91. Kf3 Kf5 92. Kf2 Kg4 93. Kg2 f3+ 94. Kf2 1/2-1/2

[Event "CN Seniori 2012"]
[Site "Sarata Monteoru/Romania"]
[Date "2012.02.18"]
[Round "8.39"]
[White "Popescu, Daniel-Vasilica"]
[Black "Bratu, Gheorghe"]
[Result "1-0"]
[WhiteElo "2069"]
[BlackElo "1876"]
[PlyCount "89"]
[EventDate "2012.??.??"]

1. e4 e5 2. Bc4 Nf6 3. Nf3 Nxe4 4. Nc3 Nxc3 5. dxc3 f6 6. O-O Qe7 7. Re1 d6 8.
Nh4 g6 9. f4 Nc6 10. f5 Qg7 11. Qf3 Bd7 12. b4 g5 13. Qh5+ Kd8 14. Qf3 gxh4 15.
Re4 h5 16. Rxh4 Rb8 17. Rxh5 Rxh5 18. Qxh5 Ne7 19. Be3 Bc6 20. g4 b6 21. Kf2
Nd5 22. Bd2 b5 23. Bb3 Nb6 24. Rg1 Kc8 25. h4 Kb7 26. g5 Be7 27. g6 Rh8 28. Qg4
Nd5 29. Bxd5 Bxd5 30. h5 Rh6 31. a4 c6 32. axb5 cxb5 33. Kg3 Bf8 34. Rd1 Bc4
35. Be3 d5 36. Ra1 Ka8 37. Rxa7+ Qxa7 38. Bxa7 Kxa7 39. g7 Bxg7 40. Qxg7+ Kb6
41. Qxh6 e4 42. Qxf6+ Kc7 43. h6 e3 44. Qe5+ Kd7 45. Qxe3 1-0